000 01202nam a2200325 a 4500
001 000045872
003 DO-SdBNP
005 20240308073618.0
007 ta
008 110517s2015 dr ac 000 0 spa d
020 _a9789945410808
040 _aDO-SdBNP
_bspa
_cBNPHU
082 4 _a305.89607293
_bA577p, 2015
_222
100 1 _aAndújar Persinal, Carlos,
_d1956-
_97737
245 1 3 _aLa presencia negra /
_cCarlos Andújar ; prólogo Carlos Esteban Deive.
246 1 3 _aLa presencia negra en Santo Domingo
260 _aSanto Domingo :
_bLetra Gráfica,
_c2015.
300 _a95 p. :
_bil., mapa, retrs. ;
_c22 cm.
490 1 _aLibros para todos ;
500 _aIncluye referencias bibliográficas y notas al pie de las páginas
504 _aBibliográfia : p. 92-94
590 _aInventariado, 2018/BT
650 4 _aNegros
_zRepública Dominicana
_xHistoria
_917935
650 4 _aEsclavos
_zRepública Dominicana
_xHistoria
_917936
651 4 _aRepública Dominicana
_xCivilización
_xInfluencias Africanas
_917943
700 1 _aDeive, Carlos Esteban,
_d1935-2019
_epról.
_91916
830 0 _aLibros para todos
_97034
910 _aValidado. Control de calidad. MFF
942 _2ddc
_cLBS1
999 _c45361
_d45361